<?xml version="1.0" encoding="UTF-8"?>
<record
    xmlns:xsi="http://www.w3.org/2001/XMLSchema-instance"
    xsi:schemaLocation="http://www.loc.gov/MARC21/slim http://www.loc.gov/standards/marcxml/schema/MARC21slim.xsd"
    xmlns="http://www.loc.gov/MARC21/slim">

  <leader>01069nam a22002537a 4500</leader>
  <datafield tag="999" ind1=" " ind2=" ">
    <subfield code="c">65595</subfield>
    <subfield code="d">65595</subfield>
  </datafield>
  <controlfield tag="005">20240530110833.0</controlfield>
  <controlfield tag="008">191001s2005    ua a   f      000 0 ara d</controlfield>
  <datafield tag="017" ind1=" " ind2=" ">
    <subfield code="a">2005/22612</subfield>
    <subfield code="b">&#x645;&#x635;&#x631;. &#x62F;&#x627;&#x631; &#x627;&#x644;&#x643;&#x62A;&#x628;</subfield>
  </datafield>
  <datafield tag="040" ind1=" " ind2=" ">
    <subfield code="a">EG-CaGPL</subfield>
    <subfield code="c">EG-CaGPL</subfield>
  </datafield>
  <datafield tag="082" ind1="0" ind2="4">
    <subfield code="2">21</subfield>
    <subfield code="a">305.520962</subfield>
    <subfield code="b">&#x642;/&#x645; &#x637;</subfield>
  </datafield>
  <datafield tag="100" ind1="0" ind2=" ">
    <subfield code="a">&#x645;&#x627;&#x62C;&#x62F;&#x629; &#x628;&#x631;&#x643;&#x629;</subfield>
  </datafield>
  <datafield tag="245" ind1="1" ind2="2">
    <subfield code="a">&#x627;&#x644;&#x637;&#x628;&#x642;&#x629; &#x627;&#x644;&#x639;&#x644;&#x64A;&#x627; &#x627;&#x644;&#x645;&#x635;&#x631;&#x64A;&#x629; &#x628;&#x64A;&#x646; &#x62B;&#x648;&#x631;&#x62A;&#x64A;&#x646; (1919-1952) /</subfield>
    <subfield code="c">&#x62A;&#x627;&#x644;&#x64A;&#x641; &#x645;&#x627;&#x62C;&#x62F;&#x629; &#x628;&#x631;&#x643;&#x629; &#x61B; &#x62A;&#x631;&#x62C;&#x645;&#x629; &#x645;&#x62D;&#x645;&#x648;&#x62F; &#x645;&#x627;&#x62C;&#x62F; &#x645;&#x62A;&#x631;&#x62C;&#x645; &#x61B; &#x62A;&#x642;&#x62F;&#x64A;&#x645; &#x637;&#x627;&#x631;&#x642; &#x628;&#x634;&#x631;&#x648;&#x649;</subfield>
  </datafield>
  <datafield tag="250" ind1=" " ind2=" ">
    <subfield code="a">&#x637;.1</subfield>
  </datafield>
  <datafield tag="260" ind1=" " ind2=" ">
    <subfield code="a">&#x627;&#x644;&#x642;&#x627;&#x647;&#x631;&#x629; : </subfield>
    <subfield code="b">&#x627;&#x644;&#x645;&#x62C;&#x644;&#x633; &#x627;&#x644;&#x627;&#x639;&#x644;&#x649; &#x644;&#x644;&#x62B;&#x642;&#x627;&#x641;&#x629;&#x60C;</subfield>
    <subfield code="c">2005</subfield>
  </datafield>
  <datafield tag="300" ind1=" " ind2=" ">
    <subfield code="a">408 &#x635;. :</subfield>
    <subfield code="b">&#x627;&#x64A;&#x636; .&#x61B;</subfield>
    <subfield code="c">24 &#x633;&#x645;</subfield>
  </datafield>
  <datafield tag="650" ind1="0" ind2="7">
    <subfield code="2">qrmak</subfield>
    <subfield code="a">&#x627;&#x644;&#x637;&#x628;&#x642;&#x627;&#x62A; &#x627;&#x644;&#x627;&#x62C;&#x62A;&#x645;&#x627;&#x639;&#x64A;&#x647;</subfield>
    <subfield code="z">&#x645;&#x635;&#x631;</subfield>
  </datafield>
  <datafield tag="650" ind1="0" ind2="7">
    <subfield code="a">&#x627;&#x644;&#x637;&#x628;&#x642;&#x627;&#x62A; &#x627;&#x644;&#x627;&#x62C;&#x62A;&#x645;&#x627;&#x639;&#x64A;&#x629; </subfield>
    <subfield code="y">&#x628;&#x64A;&#x646; &#x62B;&#x648;&#x631;&#x62A;&#x64A;&#x646; 1919 - 1952</subfield>
    <subfield code="z">&#x645;&#x635;&#x631; </subfield>
  </datafield>
  <datafield tag="651" ind1=" " ind2=" ">
    <subfield code="2">qrmak</subfield>
  </datafield>
  <datafield tag="653" ind1=" " ind2=" ">
    <subfield code="a">&#x627;&#x644;&#x637;&#x628;&#x642;&#x629; &#x627;&#x644;&#x639;&#x644;&#x64A;&#x627; &#x641;&#x649; &#x645;&#x635;&#x631;</subfield>
  </datafield>
  <datafield tag="700" ind1="0" ind2=" ">
    <subfield code="a">&#x645;&#x62D;&#x645;&#x648;&#x62F; &#x645;&#x627;&#x62C;&#x62F;</subfield>
    <subfield code="e">&#x645;&#x62A;&#x631;&#x62C;&#x645;</subfield>
  </datafield>
  <datafield tag="700" ind1="0" ind2=" ">
    <subfield code="a">&#x637;&#x627;&#x631;&#x642; &#x627;&#x644;&#x628;&#x634;&#x631;&#x649;</subfield>
    <subfield code="e">&#x645;&#x642;&#x62F;&#x645;</subfield>
  </datafield>
  <datafield tag="942" ind1=" " ind2=" ">
    <subfield code="2">ddc</subfield>
    <subfield code="c">BK</subfield>
  </datafield>
  <datafield tag="952" ind1=" " ind2=" ">
    <subfield code="0">0</subfield>
    <subfield code="1">0</subfield>
    <subfield code="4">0</subfield>
    <subfield code="7">0</subfield>
    <subfield code="a">CAI</subfield>
    <subfield code="b">CAI</subfield>
    <subfield code="c">CAIRO-LIBRARY</subfield>
    <subfield code="d">2019-10-01</subfield>
    <subfield code="l">0</subfield>
    <subfield code="o">305.520962 &#x642;/&#x645; &#x637;</subfield>
    <subfield code="p">166515</subfield>
    <subfield code="r">2019-10-01 00:00:00</subfield>
    <subfield code="w">2019-10-01</subfield>
    <subfield code="y">BK</subfield>
  </datafield>
</record>
